<?xml version="1.0" encoding="UTF-8"?>
<record
    xmlns:xsi="http://www.w3.org/2001/XMLSchema-instance"
    xsi:schemaLocation="http://www.loc.gov/MARC21/slim http://www.loc.gov/standards/marcxml/schema/MARC21slim.xsd"
    xmlns="http://www.loc.gov/MARC21/slim">

  <leader>00437nam a22001577a 4500</leader>
  <controlfield tag="003">GBCCL</controlfield>
  <controlfield tag="005">20250903151142.0</controlfield>
  <controlfield tag="008">250903b        |||||||| |||| 00| 0 eng d</controlfield>
  <datafield tag="040" ind1=" " ind2=" ">
    <subfield code="c">GBC</subfield>
  </datafield>
  <datafield tag="082" ind1=" " ind2=" ">
    <subfield code="a">SOU TOU</subfield>
    <subfield code="b">2024</subfield>
  </datafield>
  <datafield tag="245" ind1=" " ind2=" ">
    <subfield code="a">Toupa hon pi dan :</subfield>
    <subfield code="b">EBC Lamka South Division souvenir 2024 </subfield>
  </datafield>
  <datafield tag="260" ind1=" " ind2=" ">
    <subfield code="a">New Lamka :</subfield>
    <subfield code="b">Division executive committe, LSD ,</subfield>
    <subfield code="c">2024</subfield>
  </datafield>
  <datafield tag="300" ind1=" " ind2=" ">
    <subfield code="a">200P. </subfield>
  </datafield>
  <datafield tag="650" ind1=" " ind2=" ">
    <subfield code="a">Souvenir</subfield>
    <subfield code="v">EBC Lsd</subfield>
  </datafield>
  <datafield tag="942" ind1=" " ind2=" ">
    <subfield code="2">ddc</subfield>
    <subfield code="c">ARCH</subfield>
    <subfield code="n">0</subfield>
  </datafield>
  <datafield tag="999" ind1=" " ind2=" ">
    <subfield code="c">10933</subfield>
    <subfield code="d">10933</subfield>
  </datafield>
  <datafield tag="952" ind1=" " ind2=" ">
    <subfield code="0">0</subfield>
    <subfield code="1">0</subfield>
    <subfield code="2">ddc</subfield>
    <subfield code="4">0</subfield>
    <subfield code="7">0</subfield>
    <subfield code="a">GBC</subfield>
    <subfield code="b">GBC</subfield>
    <subfield code="c">ARC</subfield>
    <subfield code="d">2025-09-03</subfield>
    <subfield code="l">0</subfield>
    <subfield code="o">SOU TOU 2024</subfield>
    <subfield code="p">250301</subfield>
    <subfield code="r">2025-09-03 15:12:02</subfield>
    <subfield code="t">c.1</subfield>
    <subfield code="w">2025-09-03</subfield>
    <subfield code="y">ARCH</subfield>
  </datafield>
  <datafield tag="952" ind1=" " ind2=" ">
    <subfield code="0">0</subfield>
    <subfield code="1">0</subfield>
    <subfield code="2">ddc</subfield>
    <subfield code="4">0</subfield>
    <subfield code="7">0</subfield>
    <subfield code="a">GBC</subfield>
    <subfield code="b">GBC</subfield>
    <subfield code="c">ARC</subfield>
    <subfield code="d">2025-09-03</subfield>
    <subfield code="l">0</subfield>
    <subfield code="o">SOU TOU 2024</subfield>
    <subfield code="p">250302</subfield>
    <subfield code="r">2025-09-03 15:12:00</subfield>
    <subfield code="t">c.2</subfield>
    <subfield code="w">2025-09-03</subfield>
    <subfield code="y">ARCH</subfield>
  </datafield>
  <datafield tag="952" ind1=" " ind2=" ">
    <subfield code="0">0</subfield>
    <subfield code="1">0</subfield>
    <subfield code="2">ddc</subfield>
    <subfield code="4">0</subfield>
    <subfield code="7">0</subfield>
    <subfield code="a">GBC</subfield>
    <subfield code="b">GBC</subfield>
    <subfield code="c">ARC</subfield>
    <subfield code="d">2025-09-03</subfield>
    <subfield code="l">0</subfield>
    <subfield code="o">SOU TOU 2024</subfield>
    <subfield code="p">250303</subfield>
    <subfield code="r">2025-09-03 15:12:00</subfield>
    <subfield code="t">c.3</subfield>
    <subfield code="w">2025-09-03</subfield>
    <subfield code="y">ARCH</subfield>
  </datafield>
  <datafield tag="952" ind1=" " ind2=" ">
    <subfield code="0">0</subfield>
    <subfield code="1">0</subfield>
    <subfield code="2">ddc</subfield>
    <subfield code="4">0</subfield>
    <subfield code="7">0</subfield>
    <subfield code="a">GBC</subfield>
    <subfield code="b">GBC</subfield>
    <subfield code="c">ARC</subfield>
    <subfield code="d">2025-09-03</subfield>
    <subfield code="l">0</subfield>
    <subfield code="o">SOU TOU 2024</subfield>
    <subfield code="p">250304</subfield>
    <subfield code="r">2026-02-24 10:59:24</subfield>
    <subfield code="t">c.4</subfield>
    <subfield code="w">2025-09-03</subfield>
    <subfield code="y">ARCH</subfield>
  </datafield>
  <datafield tag="952" ind1=" " ind2=" ">
    <subfield code="0">0</subfield>
    <subfield code="1">0</subfield>
    <subfield code="2">ddc</subfield>
    <subfield code="4">0</subfield>
    <subfield code="7">0</subfield>
    <subfield code="a">GBC</subfield>
    <subfield code="b">GBC</subfield>
    <subfield code="c">ARC</subfield>
    <subfield code="d">2025-09-03</subfield>
    <subfield code="l">0</subfield>
    <subfield code="o">SOU TOU 2024</subfield>
    <subfield code="p">250305</subfield>
    <subfield code="r">2025-09-03 15:12:00</subfield>
    <subfield code="t">c.5</subfield>
    <subfield code="w">2025-09-03</subfield>
    <subfield code="y">ARCH</subfield>
  </datafield>
  <datafield tag="952" ind1=" " ind2=" ">
    <subfield code="0">0</subfield>
    <subfield code="1">0</subfield>
    <subfield code="2">ddc</subfield>
    <subfield code="4">0</subfield>
    <subfield code="7">0</subfield>
    <subfield code="a">GBC</subfield>
    <subfield code="b">GBC</subfield>
    <subfield code="c">ARC</subfield>
    <subfield code="d">2025-09-03</subfield>
    <subfield code="l">0</subfield>
    <subfield code="o">SOU TOU 2024</subfield>
    <subfield code="p">250306</subfield>
    <subfield code="r">2025-09-03 15:12:00</subfield>
    <subfield code="t">c.6</subfield>
    <subfield code="w">2025-09-03</subfield>
    <subfield code="y">ARCH</subfield>
  </datafield>
  <datafield tag="952" ind1=" " ind2=" ">
    <subfield code="0">0</subfield>
    <subfield code="1">0</subfield>
    <subfield code="2">ddc</subfield>
    <subfield code="4">0</subfield>
    <subfield code="7">0</subfield>
    <subfield code="a">GBC</subfield>
    <subfield code="b">GBC</subfield>
    <subfield code="c">ARC</subfield>
    <subfield code="d">2025-09-03</subfield>
    <subfield code="l">0</subfield>
    <subfield code="o">SOU TOU 2024</subfield>
    <subfield code="p">250307</subfield>
    <subfield code="r">2025-09-03 15:12:00</subfield>
    <subfield code="t">c.7</subfield>
    <subfield code="w">2025-09-03</subfield>
    <subfield code="y">ARCH</subfield>
  </datafield>
  <datafield tag="952" ind1=" " ind2=" ">
    <subfield code="0">0</subfield>
    <subfield code="1">0</subfield>
    <subfield code="2">ddc</subfield>
    <subfield code="4">0</subfield>
    <subfield code="7">0</subfield>
    <subfield code="a">GBC</subfield>
    <subfield code="b">GBC</subfield>
    <subfield code="c">ARC</subfield>
    <subfield code="d">2025-09-03</subfield>
    <subfield code="l">0</subfield>
    <subfield code="o">SOU TOU 2024</subfield>
    <subfield code="p">250308</subfield>
    <subfield code="r">2026-03-19 11:33:33</subfield>
    <subfield code="t">c.8</subfield>
    <subfield code="w">2025-09-03</subfield>
    <subfield code="y">ARCH</subfield>
  </datafield>
  <datafield tag="952" ind1=" " ind2=" ">
    <subfield code="0">0</subfield>
    <subfield code="1">0</subfield>
    <subfield code="2">ddc</subfield>
    <subfield code="4">0</subfield>
    <subfield code="7">0</subfield>
    <subfield code="a">GBC</subfield>
    <subfield code="b">GBC</subfield>
    <subfield code="c">ARC</subfield>
    <subfield code="d">2025-09-03</subfield>
    <subfield code="l">0</subfield>
    <subfield code="o">SOU TOU 2024</subfield>
    <subfield code="p">250309</subfield>
    <subfield code="r">2025-09-03 15:12:00</subfield>
    <subfield code="t">c.9</subfield>
    <subfield code="w">2025-09-03</subfield>
    <subfield code="y">ARCH</subfield>
  </datafield>
  <datafield tag="952" ind1=" " ind2=" ">
    <subfield code="0">0</subfield>
    <subfield code="1">0</subfield>
    <subfield code="2">ddc</subfield>
    <subfield code="4">0</subfield>
    <subfield code="7">0</subfield>
    <subfield code="a">GBC</subfield>
    <subfield code="b">GBC</subfield>
    <subfield code="c">ARC</subfield>
    <subfield code="d">2025-09-03</subfield>
    <subfield code="l">0</subfield>
    <subfield code="o">SOU TOU 2024</subfield>
    <subfield code="p">250310</subfield>
    <subfield code="r">2025-09-03 15:12:00</subfield>
    <subfield code="t">c.10</subfield>
    <subfield code="w">2025-09-03</subfield>
    <subfield code="y">ARCH</subfield>
  </datafield>
  <datafield tag="952" ind1=" " ind2=" ">
    <subfield code="0">0</subfield>
    <subfield code="1">0</subfield>
    <subfield code="2">ddc</subfield>
    <subfield code="4">0</subfield>
    <subfield code="7">0</subfield>
    <subfield code="a">GBC</subfield>
    <subfield code="b">GBC</subfield>
    <subfield code="c">ARC</subfield>
    <subfield code="d">2025-09-03</subfield>
    <subfield code="l">0</subfield>
    <subfield code="o">SOU TOU 2024</subfield>
    <subfield code="p">250311</subfield>
    <subfield code="r">2025-09-03 15:12:00</subfield>
    <subfield code="t">c.11</subfield>
    <subfield code="w">2025-09-03</subfield>
    <subfield code="y">ARCH</subfield>
  </datafield>
  <datafield tag="952" ind1=" " ind2=" ">
    <subfield code="0">0</subfield>
    <subfield code="1">0</subfield>
    <subfield code="2">ddc</subfield>
    <subfield code="4">0</subfield>
    <subfield code="7">0</subfield>
    <subfield code="a">GBC</subfield>
    <subfield code="b">GBC</subfield>
    <subfield code="c">ARC</subfield>
    <subfield code="d">2025-09-03</subfield>
    <subfield code="l">0</subfield>
    <subfield code="o">SOU TOU 2024</subfield>
    <subfield code="p">250312</subfield>
    <subfield code="r">2025-09-03 15:12:00</subfield>
    <subfield code="t">c.12</subfield>
    <subfield code="w">2025-09-03</subfield>
    <subfield code="y">ARCH</subfield>
  </datafield>
</record>
